00484nam a2200157 a 4500020002700000020003000027082001500057100002400072245003200096250002200128260004400150300001400194500002700208650002100235856007000256 a0071134549 (paperback) a9780071134545 (paperback) a363.72 LAG1 aLagrega, Michael D.10aHazardous waste management  aInternational Ed. aNew YorkbMcGraw-Hill Companies,c1994. a1184 p. ; aInternational Edition. awaste management40uhttp://www.amazon.com/exec/obidos/ASIN/0071134549/chopaconline-20